Автоматические выключатели для защиты двигателей; Энергетика, электромеханика и энергоэффективные технологии глазами молодежи; Т. 2

Opis bibliograficzny
Parent link:Энергетика, электромеханика и энергоэффективные технологии глазами молодежи: сборник трудов Российской молодежной научной конференции, 3-4 декабря 2013 г., Томск/ Национальный исследовательский Томский политехнический университет (ТПУ).— , 2013
Т. 2.— 2013.— [С. 170-171]
1. autor: Михеев А. Ю.
Streszczenie:Заглавие с титульного экрана
Język:rosyjski
Wydane: 2013
Seria:Повышение энергоэффективности процессов преобразования электроэнергии
Hasła przedmiotowe:
Dostęp online:http://www.lib.tpu.ru/fulltext/c/2013/C50/V2/049.pdf
Format: Elektroniczne Rozdział
KOHA link:https://koha.lib.tpu.ru/cgi-bin/koha/opac-detail.pl?biblionumber=604902

MARC

LEADER 00000naa2a2200000 4500
001 604902
005 20260217161003.0
035 |a (RuTPU)RU\TPU\conf\2185 
035 |a RU\TPU\conf\2049 
090 |a 604902 
100 |a 20140325d2013 k y0rusy50 ca 
101 0 |a rus 
102 |a RU 
135 |a drnn ---uucaa 
181 0 |a i  
182 0 |a b 
200 1 |a Автоматические выключатели для защиты двигателей  |f А. Ю. Михеев 
203 |a Текст  |c электронный 
225 1 |a Повышение энергоэффективности процессов преобразования электроэнергии 
300 |a Заглавие с титульного экрана 
337 |a Adobe Reader 
461 1 |0 (RuTPU)RU\TPU\conf\493  |t Энергетика, электромеханика и энергоэффективные технологии глазами молодежи  |o сборник трудов Российской молодежной научной конференции, 3-4 декабря 2013 г., Томск  |o в 2 т.  |f Национальный исследовательский Томский политехнический университет (ТПУ)  |d 2013 
463 1 |0 (RuTPU)RU\TPU\conf\498  |t Т. 2  |v [С. 170-171]  |d 2013 
610 1 |a труды учёных ТПУ 
610 1 |a электронный ресурс 
610 1 |a двигатели 
610 1 |a автоматические выключатели 
610 1 |a электрооборудование 
610 1 |a электродвигатели 
700 1 |a Михеев  |b А. Ю. 
801 2 |a RU  |b 63413507  |c 20140327  |g RCR 
856 4 |u http://www.lib.tpu.ru/fulltext/c/2013/C50/V2/049.pdf 
942 |c CF